[Event "Manila (ol)"]
[Site "?"]
[Date "1992.??.??"]
[Round "?"]
[White "Portisch, L."]
[Black "Piket, Je"]
[Result "0-1"]
[WhiteElo "2575"]
[BlackElo "2615"]
[PlyCount "88"]
[EventDate "1992.??.??"]
[Source "ChessBase"]
[SourceDate "1992.06.01"]

1. d4 Nf6 2. c4 d6 3. Nc3 g6 4. e4 Bg7 5. f3 O-O 6. Be3 e5 7. d5 Nh5 8. Qd2 Qh4+ 9. Bf2 Qe7 10. O-O-O f5 11. exf5 gxf5 12. Nh3 Na6 13. Be2 Bd7 14. Rde1 Rae8 15. f4 Nf6 16. Bh4 Qf7 17. Bd1 Qg6 18. Bc2 Ng4 19. Nd1 Nc5 20. Ndf2 e4 21. Nd1 b5 22. cxb5 Bxb5 23. Nhf2 c6 24. h3 Nxf2 25. Nxf2 Bc4 26. g4 Bxb2+ 27. Kxb2 Qg7+ 28. Kc1 Qa1+ 29. Bb1 Rb8 30. Qc2 Bd3 31. Nxd3 exd3 32. Qc4 Rxb1+ 33. Kd2 Qb2+ 34. Ke3 Re8+ 35. Kf3 Rbxe1 36. dxc6+ R1e6 37. Re1 d2 38. Rd1 Qa3+ 39. Kg2 Qe3 40. c7 Qe2+ 41. Qxe2 Rxe2+ 42. Kf1 R2e4 43. Rxd2 Rc8 44. Bd8 Nb7 0-1

[Event "XXIII Open"]
[Site "Cappelle la Grande FRA"]
[Date "2007.03.10"]
[Round "9"]
[White "Postny, E."]
[Black "Kovalev, An"]
[Result "1/2-1/2"]
[WhiteElo "2616"]
[BlackElo "2533"]
[PlyCount "102"]
[EventDate "2007.03.03"]
[Source "www.chesslib.no"]
[SourceDate "2004.05.04"]

1. d4 Nf6 2. c4 g6 3. Nc3 Bg7 4. e4 d6 5. f3 e5 6. d5 Nh5 7. Be3 f5 8. Qd2 O-O 9. O-O-O Nd7 10. Bd3 fxe4 11. Bxe4 a6 12. Kb1 b5 13. cxb5 axb5 14. Nxb5 Ndf6 15. Nc3 Ba6 16. Nh3 Nxe4 17. Nxe4 Qd7 18. Qc2 Rfb8 19. Rd2 Rb4 20. Rc1 Nf4 21. Qc6 Qxc6 22. Rxc6 Bd3+ 23. Rxd3 Nxd3 24. b3 Rb7 25. Bd2 h6 26. Kc2 Nb4+ 27. Bxb4 Rxb4 28. a4 Rab8 29. Rc3 Rd4 30. Rxc7 Rxd5 31. Nhf2 Rd4 32. Ng4 d5 33. Nc5 Re8 34. Ne3 h5 35. Rc6 Kf7 36. Nb7 Bf8 37. a5 e4 38. fxe4 Rexe4 39. Rc3 Bb4 40. Rd3 Rf4 41. Rxd4 Rxd4 42. a6 Rd2+ 43. Kc1 Ra2 44. Nxd5 Bd2+ 45. Kd1 Bg5 46. Nb4 Ra1+ 47. Kc2 Be7 48. Kb2 Bf6+ 49. Kc2 Be7 50. Kb2 Bf6+ 51. Kc2 Be7 1/2-1/2

[Event "Interzonal"]
[Site "Manila iz"]
[Date "1976.??.??"]
[Round "?"]
[White "Browne, Walter S"]
[Black "Uhlmann, Wolfgang"]
[Result "1/2-1/2"]
[WhiteElo "2585"]
[BlackElo "2555"]
[PlyCount "112"]
[EventDate "1976.??.??"]
[Source "www.chesslib.no"]
[SourceDate "2004.05.04"]

1. d4 Nf6 2. c4 g6 3. Nc3 Bg7 4. e4 d6 5. f3 O-O 6. Be3 e5 7. d5 Nh5 8. Qd2 f5 9. O-O-O Nd7 10. Bd3 Ndf6 11. Nge2 Kh8 12. Kb1 Bd7 13. h3 f4 14. Bf2 Rf7 15. c5 Bf8 16. cxd6 cxd6 17. Bb5 Be7 18. Nc1 Qb8 19. Nb3 Bd8 20. Rc1 Bc8 21. Bd3 a6 22. a4 Bd7 23. Rc2 Be8 24. Rhc1 Rc7 25. a5 Rc8 26. Bb6 Bd7 27. Qf2 Ng7 28. Bxd8 Rxd8 29. Nd2 Qa7 30. Qxa7 Rxa7 31. b4 Nge8 32. Nc4 Raa8 33. Nb6 Rab8 34. b5 Nc7 35. Nxd7 Nxd7 36. b6 Ne8 37. Na4 Ra8 38. Kb2 Kg7 39. Rc3 Rdb8 40. Ka2 Kf7 41. Ka3 Ke7 42. Be2 Kd8 43. Nb2 Rc8 44. Nc4 Ke7 45. h4 Nef6 46. Bd1 Rc5 47. Ba4 Rac8 48. R3c2 h6 49. Rg1 Rg8 50. Rh1 Rgc8 51. Rh3 Rg8 52. Rh1 Rgc8 53. Rd1 Rg8 54. Ra1 Rgc8 55. Rb1 Rd8 56. Re1 Rf8 1/2-1/2

[Event "Rubinstein mem"]
[Site "Polanica Zdroj"]
[Date "1996.??.??"]
[Round "2"]
[White "Gulko, Boris F"]
[Black "Kempinski, Robert"]
[Result "0-1"]
[WhiteElo "2615"]
[BlackElo "2510"]
[PlyCount "70"]
[EventDate "1996.08.15"]
[Source "ChessBase"]

1. d4 Nf6 2. c4 g6 3. Nc3 Bg7 4. e4 d6 5. f3 O-O 6. Be3 e5 7. d5 Nh5 8. Qd2 f5 9. O-O-O Nd7 10. exf5 gxf5 11. Bh6 Qf6 12. Bxg7 Qxg7 13. Nh3 a5 14. f4 a4 15. Nb5 Ndf6 16. fxe5 Ne4 17. Qe2 Qh6+ 18. Kb1 dxe5 19. Nxc7 Ra5 20. Nb5 a3 21. Qe1 Qb6 22. b4 Ra4 23. c5 Qf6 24. Bd3 Bd7 25. Rf1 Nf4 26. Bc4 Kh8 27. Nxf4 exf4 28. Nd4 Nxc5 29. Rxf4 Re8 30. Qc3 Ne4 31. Qb3 Qd6 32. Rxe4 fxe4 33. Nc2 Qe5 34. Re1 Rc8 35. d6 Rxc4 0-1

[Event "Doha"]
[Site "?"]
[Date "1993.??.??"]
[Round "?"]
[White "Kuzmin, A."]
[Black "Sakaev, K."]
[Result "1/2-1/2"]
[WhiteElo "2555"]
[BlackElo "2540"]
[PlyCount "150"]
[EventDate "1993.??.??"]
[Source "ChessBase"]
[SourceDate "1993.06.01"]

1. d4 Nf6 2. c4 g6 3. Nc3 Bg7 4. e4 d6 5. f3 O-O 6. Be3 e5 7. d5 Nh5 8. Qd2 f5 9. O-O-O Nd7 10. exf5 gxf5 11. Bd3 Nc5 12. Bc2 Qh4 13. b3 e4 14. Bg5 Bxc3 15. Bxh4 Bxd2+ 16. Kxd2 Nf4 17. Nh3 Ng6 18. Bf2 f4 19. Bxc5 exf3 20. gxf3 Bxh3 21. Bd4 Bf5 22. h4 Bxc2 23. Kxc2 Rf5 24. h5 Ne5 25. Rdg1+ Kf7 26. Bxe5 Rxe5 27. Rh4 Rf5 28. Rgg4 Rg8 29. Rxf4 Rg2+ 30. Kd3 Kf6 31. Rxf5+ Kxf5 32. Re4 Rxa2 33. Re7 c6 34. Rf7+ Kg5 35. Rxh7 cxd5 36. cxd5 b5 37. Rd7 Ra6 38. Rb7 Kxh5 39. Rxb5 Kg5 40. Rb7 Kf4 41. Kc4 Kxf3 42. Kb5 Ra3 43. Kc6 Ra6+ 44. Kb5 Ra3 45. Kc6 Ra6+ 46. Kd7 Ke4 47. Ke6 Kd4 48. Rc7 Rb6 49. Rxa7 Kc5 50. Rc7+ Kb5 51. Kd7 Ra6 52. Rb7+ Kc5 53. Ke6 Ra8 54. Rc7+ Kb6 55. Kxd6 Rd8+ 56. Rd7 Rh8 57. Rf7 Rh6+ 58. Ke5 Rh3 59. Rf8 Kc7 60. d6+ Kd7 61. Rf7+ Kc6 62. Rc7+ Kb6 63. Rc8 Rh5+ 64. Ke4 Rh4+ 65. Kd5 Rh5+ 66. Kd4 Rh4+ 67. Kc3 Rh3+ 68. Kc2 Rh2+ 69. Kc3 Rh3+ 70. Kb4 Rd3 71. Rb8+ Ka7 72. Rd8 Kb6 73. Ka4 Rd1 74. b4 Rd3 75. d7 Kb7 1/2-1/2

[Event "Hartberg Open"]
[Site "Hartberg AUT"]
[Date "1991.??.??"]
[Round "8"]
[White "Razuvaev, Yuri S"]
[Black "Barbero, Gerardo F"]
[Result "1/2-1/2"]
[WhiteElo "2585"]
[BlackElo "2495"]
[PlyCount "77"]
[EventDate "1991.07.??"]
[Source "www.chesslib.no"]
[SourceDate "2004.05.04"]

1. d4 Nf6 2. c4 g6 3. Nc3 Bg7 4. e4 d6 5. f3 O-O 6. Be3 e5 7. d5 Ne8 8. Qd2 f5 9. exf5 gxf5 10. O-O-O Nd7 11. Nh3 Ndf6 12. Bg5 Qe7 13. Nf2 Qf7 14. Be2 c6 15. g4 cxd5 16. cxd5 fxg4 17. Nxg4 Bxg4 18. fxg4 Rc8 19. Rhf1 Qg6 20. Bd3 Ne4 21. Rxf8+ Bxf8 22. Bxe4 Qxe4 23. Qe3 Qg6 24. Kd2 Rc4 25. h3 b5 26. a3 a5 27. b3 Rd4+ 28. Kc1 b4 29. axb4 axb4 30. Nb5 Rxd1+ 31. Kxd1 Qf7 32. Qd3 e4 33. Qc4 Qf3+ 34. Kd2 Bg7 35. Be3 Qg2+ 36. Ke1 Qf3 37. Kd2 Qg2+ 38. Ke1 Qf3 39. Kd2 1/2-1/2

[Event "Zaragoza"]
[Site "?"]
[Date "1996.??.??"]
[Round "?"]
[White "Razuvaev, Y."]
[Black "Shchekachev, A."]
[Result "1-0"]
[WhiteElo "2580"]
[BlackElo "2500"]
[PlyCount "82"]
[EventDate "1996.??.??"]
[Source "ChessBase"]
[SourceDate "1996.02.01"]

1. d4 Nf6 2. c4 g6 3. Nc3 Bg7 4. e4 d6 5. f3 O-O 6. Be3 e5 7. d5 Nh5 8. Qd2 Qh4+ 9. g3 Nxg3 10. Qf2 Nxf1 11. Qxh4 Nxe3 12. Qf2 Nxc4 13. Qe2 Nb6 14. h4 h5 15. Nh3 Na6 16. Ng5 Bh6 17. Rg1 Bd7 18. a4 Rae8 19. a5 Nc8 20. Qc4 Re7 21. b4 Be8 22. Ra2 Bg7 23. Kd1 Nb8 24. Nb5 c6 25. Nc3 a6 26. Rc2 Kh8 27. Kc1 Rg8 28. Kb1 Bh6 29. f4 exf4 30. Qf1 Bg7 31. Qxf4 Nd7 32. dxc6 bxc6 33. Nd5 cxd5 34. Rxc8 Ne5 35. exd5 Rb7 36. Rd1 Bd7 37. Rxg8+ Kxg8 38. Ka2 Bf5 39. Ne4 Rc7 40. Nxd6 Rc2+ 41. Kb3 Bd3 1-0

[Event "New York op"]
[Site "New York"]
[Date "1987.??.??"]
[Round "?"]
[White "Christiansen, Larry Mark"]
[Black "Watson, William N"]
[Result "1/2-1/2"]
[WhiteElo "2575"]
[BlackElo "2500"]
[PlyCount "40"]
[EventDate "1987.04.??"]
[Source "ChessBase"]

1. d4 Nf6 2. c4 g6 3. Nc3 Bg7 4. e4 d6 5. f3 O-O 6. Be3 Nbd7 7. Nh3 e5 8. d5 Nh5 9. g4 Nf4 10. Nxf4 exf4 11. Bxf4 Ne5 12. Be2 f5 13. gxf5 gxf5 14. Qd2 fxe4 15. Nxe4 Qh4+ 16. Bg3 Qh5 17. Ng5 Nxf3+ 18. Nxf3 Rxf3 19. Bxf3 Qxf3 20. Rf1 Qh5 1/2-1/2

[Event "tt"]
[Site "Nederland tt"]
[Date "1993.??.??"]
[Round "?"]
[White "Brenninkmeijer, Joris"]
[Black "Van Wely, Loek"]
[Result "1-0"]
[WhiteElo "2495"]
[BlackElo "2560"]
[PlyCount "53"]
[EventDate "1993.??.??"]
[Source "www.chesslib.no"]
[SourceDate "2004.05.04"]

1. d4 Nf6 2. c4 g6 3. Nc3 Bg7 4. e4 d6 5. f3 O-O 6. Be3 e5 7. d5 Nh5 8. Qd2 Qh4+ 9. Bf2 Qe7 10. O-O-O f5 11. Kb1 Nd7 12. Nge2 Ndf6 13. h3 Kh8 14. g4 Nf4 15. Nxf4 exf4 16. exf5 gxf5 17. Re1 Qf7 18. Nb5 Ng8 19. Bd3 Be5 20. Bd4 Qg7 21. Qc3 Bxd4 22. Qxd4 Qxd4 23. Nxd4 fxg4 24. hxg4 Rf7 25. Re8 b6 26. Ne6 h6 27. Rxh6+ 1-0

[Event "London WFW"]
[Site "London"]
[Date "1989.??.??"]
[Round "?"]
[White "Wilder, Michael"]
[Black "Watson, William N"]
[Result "1/2-1/2"]
[WhiteElo "2540"]
[BlackElo "2505"]
[PlyCount "23"]
[EventDate "1989.05.??"]
[Source "ChessBase"]

1. d4 Nf6 2. c4 g6 3. Nc3 Bg7 4. e4 O-O 5. f3 d6 6. Be3 e5 7. d5 Nh5 8. Qd2 Qh4+ 9. Bf2 Qf4 10. Be3 Qh4+ 11. Bf2 Qf4 12. Be3 1/2-1/2

[Event "Petrov mem"]
[Site "St Petersburg"]
[Date "1996.??.??"]
[Round "4"]
[White "Vyzmanavin, Alexey"]
[Black "Zakharevich, Igor"]
[Result "1-0"]
[WhiteElo "2610"]
[BlackElo "2435"]
[PlyCount "121"]
[EventDate "1996.02.??"]
[Source "ChessBase"]

1. d4 Nf6 2. c4 g6 3. Nc3 Bg7 4. e4 d6 5. f3 O-O 6. Be3 e5 7. d5 Nh5 8. Qd2 f5 9. exf5 gxf5 10. O-O-O a6 11. Nh3 Nd7 12. Kb1 Rb8 13. Rg1 e4 14. g4 fxg4 15. fxg4 Nhf6 16. Be2 Ne5 17. Nf2 Nf3 18. Bxf3 exf3 19. Bh6 Qe8 20. Bxg7 Qg6+ 21. Ka1 Qxg7 22. Nce4 Ne8 23. Qe3 b5 24. c5 dxc5 25. Qxc5 Rb6 26. g5 Kh8 27. Nf6 Bf5 28. d6 Nxd6 29. Nh5 Nb7 30. Qxb6 cxb6 31. Nxg7 Kxg7 32. Rg3 Be6 33. b3 Nc5 34. Rd6 b4 35. Rxb6 Bd5 36. Rxb4 Re8 37. Rd4 Re1+ 38. Rd1 Rxd1+ 39. Nxd1 Nd3 40. Ne3 f2 41. Kb1 Ne1 42. Kc1 Bc6 43. a4 Bd5 44. Kd2 Bxb3 45. Rg4 Nc2 46. Rf4 Nxe3 47. Kxe3 Bxa4 48. Kxf2 Be8 49. Rf6 a5 50. Ra6 a4 51. Kg3 Bb5 52. Rb6 Bc4 53. Rb4 Bb3 54. Kf4 Bc2 55. h4 h6 56. Rb7+ Kg8 57. Ke5 hxg5 58. hxg5 a3 59. Ra7 Bb1 60. Kf6 a2 61. g6 1-0

[Event "Mendrisio op"]
[Site "Mendrisio"]
[Date "1999.??.??"]
[Round "7"]
[White "Varga, Zoltan"]
[Black "Gallagher, Joseph G"]
[Result "1/2-1/2"]
[WhiteElo "2518"]
[BlackElo "2519"]
[PlyCount "64"]
[EventDate "1999.??.??"]
[Source "www.chesslib.no"]
[SourceDate "2004.05.04"]

1. d4 Nf6 2. c4 g6 3. Nc3 Bg7 4. e4 d6 5. f3 O-O 6. Be3 Nbd7 7. Nh3 e5 8. d5 Nh5 9. Qd2 f5 10. exf5 gxf5 11. O-O-O Ndf6 12. Bg5 Qe8 13. Bd3 Bd7 14. Rhg1 Kh8 15. Kb1 a6 16. Nf2 b5 17. g4 fxg4 18. fxg4 Nf4 19. Bxf4 exf4 20. Rde1 Qd8 21. g5 Ng8 22. Nfe4 bxc4 23. Bxc4 Qb8 24. Qc2 Qb4 25. Bd3 Rab8 26. Ka1 Qd4 27. Rd1 Bf5 28. Rgf1 Qe5 29. h4 Rb4 30. a3 Rb6 31. Rde1 Re8 32. Ka2 Reb8 1/2-1/2

[Event "Mainz"]
[Site "?"]
[Date "1995.??.??"]
[Round "?"]
[White "Arbakov, V."]
[Black "Sakaev, K."]
[Result "0-1"]
[WhiteElo "2500"]
[BlackElo "2535"]
[PlyCount "80"]
[EventDate "1995.??.??"]
[Source "ChessBase"]
[SourceDate "1995.06.01"]

1. c4 Nf6 2. Nc3 g6 3. e4 d6 4. d4 Bg7 5. f3 O-O 6. Be3 e5 7. d5 Nh5 8. Qd2 f5 9. O-O-O Nd7 10. Bd3 fxe4 11. Nxe4 Nf4 12. Bf1 Nf6 13. Nc3 a6 14. Nge2 Nxe2+ 15. Bxe2 Bd7 16. Kb1 Qe8 17. Bd3 c6 18. dxc6 bxc6 19. Bc2 Be6 20. Qxd6 Bxc4 21. Ne4 Qf7 22. Qa3 Bd5 23. Bc5 Rfb8 24. Rhe1 Nd7 25. Bd6 Rb7 26. Bd3 a5 27. Re2 a4 28. h4 Nb6 29. Bc5 Rbb8 30. h5 gxh5 31. Rc2 Bb3 32. Bxb6 Bxc2+ 33. Kxc2 Rxb6 34. Nd6 Qe7 35. Bc4+ Kf8 36. Qd3 Rxb2+ 37. Kc1 Qg5+ 38. f4 Qxf4+ 39. Kxb2 e4+ 40. Ka3 exd3 0-1

[Event "ROM Team Ch"]
[Site "Romania"]
[Date "1994.??.??"]
[Round "?"]
[White "Atalik, Suat"]
[Black "Istratescu, Andrei"]
[Result "0-1"]
[WhiteElo "2530"]
[BlackElo "2505"]
[PlyCount "82"]
[EventDate "1994.??.??"]
[Source "www.chesslib.no"]
[SourceDate "2004.05.04"]

1. d4 Nf6 2. c4 g6 3. Nc3 Bg7 4. e4 d6 5. f3 O-O 6. Be3 Nbd7 7. Nh3 e5 8. d5 Nh5 9. Qd2 f5 10. exf5 gxf5 11. O-O-O Nhf6 12. Bd3 Nc5 13. Bc2 a5 14. Rde1 b6 15. Bh6 Qe7 16. Nb5 Bxh6 17. Qxh6 Ba6 18. a4 Bxb5 19. axb5 Qg7 20. Qxg7+ Kxg7 21. Kd2 h5 22. g3 Ng8 23. Rhg1 Ne7 24. Nf4 Rh8 25. Ng2 Kf6 26. Nh4 Raf8 27. Re2 Rhg8 28. Rgg2 Rg7 29. Kc3 Rgf7 30. g4 fxg4 31. fxg4 Kg5 32. Ng6 Rf3+ 33. Kd2 Nxg6 34. gxh5+ Kxh5 35. Rxg6 Nb3+ 36. Kd1 Nd4 37. Reg2 Rf1+ 38. Kd2 R8f2+ 39. Kd3 Rf3+ 40. Kd2 R1f2+ 41. Kd1 Nxc2 0-1

[Event "Olympiad (United Arab Em"]
[Site "Olympiad Dubai (United Arab E"]
[Date "1986.??.??"]
[Round "2"]
[White "Seirawan, Yasser"]
[Black "Ardiansyah, Haji"]
[Result "1-0"]
[WhiteElo "2605"]
[BlackElo "2430"]
[PlyCount "55"]
[EventDate "1986.??.??"]
[Source "www.chesslib.no"]
[SourceDate "2004.05.04"]

1. d4 Nf6 2. c4 g6 3. Nc3 Bg7 4. e4 d6 5. f3 O-O 6. Be3 e5 7. d5 Nh5 8. Nge2 f5 9. Qd2 Nd7 10. O-O-O Nhf6 11. h3 fxe4 12. fxe4 a6 13. g4 b5 14. Ng3 bxc4 15. g5 Ne8 16. Bxc4 Nb6 17. Be2 Bd7 18. h4 Qe7 19. Rdf1 Rxf1+ 20. Rxf1 Bb5 21. Nxb5 axb5 22. b3 Qd7 23. Kb1 Rb8 24. h5 c5 25. dxc6 Qxc6 26. h6 Bh8 27. Bg4 d5 28. Bxb6 1-0

[Event "Satu-Mare"]
[Site "Satu-Mare ROM"]
[Date "1994.??.??"]
[Round "3"]
[White "Atalik, Suat"]
[Black "Istratescu, Andrei"]
[Result "1-0"]
[WhiteElo "2530"]
[BlackElo "2505"]
[PlyCount "80"]
[EventDate "1994.??.??"]
[Source "www.chesslib.no"]
[SourceDate "2004.05.04"]

1. d4 Nf6 2. c4 g6 3. Nc3 Bg7 4. e4 d6 5. f3 O-O 6. Be3 Nbd7 7. Nh3 e5 8. d5 Nh5 9. g4 Nf4 10. Nxf4 exf4 11. Bxf4 Ne5 12. Be2 f5 13. gxf5 gxf5 14. Qd2 Qh4+ 15. Bg3 Qh5 16. f4 Nf3+ 17. Bxf3 Qxf3 18. Rf1 Bxc3 19. Rxf3 Bxd2+ 20. Kxd2 fxe4 21. Rb3 b6 22. Rg1 Bf5 23. Bh4+ Bg6 24. Bg5 Rf5 25. h4 Kf7 26. Rh3 Bh5 27. Ke3 Re8 28. Bh6 Rf6 29. Rg7+ Kf8 30. Rxh7+ Kg8 31. Bg5 Kxh7 32. Bxf6 Kg6 33. Bc3 Bg4 34. Rg3 Kh5 35. f5 Rf8 36. f6 Kxh4 37. Kf4 Bh5 38. Rg7 Rf7 39. Be1+ Kh3 40. Rg3+ Kh2 1-0

[Event "Groningen"]
[Site "Groningen"]
[Date "1990.??.??"]
[Round "?"]
[White "Brenninkmeijer, Joris"]
[Black "Wahls, Matthias"]
[Result "0-1"]
[WhiteElo "2510"]
[BlackElo "2525"]
[PlyCount "82"]
[EventDate "1990.12.??"]
[Source "ChessBase"]

1. d4 Nf6 2. c4 g6 3. Nc3 Bg7 4. e4 d6 5. f3 O-O 6. Be3 e5 7. d5 Nh5 8. Qd2 f5 9. O-O-O a6 10. Bd3 c5 11. dxc6 Nxc6 12. Nd5 Be6 13. Bb6 Qd7 14. Ne2 Rac8 15. Kb1 Qf7 16. Rhe1 Kh8 17. Bg1 Nf6 18. Nb6 Rcd8 19. Ng3 Nd7 20. Nd5 Nc5 21. Bc2 b5 22. b4 Nd7 23. cxb5 axb5 24. Bb3 Nd4 25. Ne2 Nxb3 26. axb3 Nb8 27. Nec3 Nc6 28. Nxb5 Qb7 29. Nbc7 Bg8 30. b5 Nd4 31. Bxd4 exd4 32. b6 Ra8 33. Nxa8 Rxa8 34. Qb4 d3 35. Nc3 f4 36. Na4 Bxb3 37. Qxb3 Rxa4 38. e5 Ra6 39. Rxd3 Rxb6 40. Kc2 Rxb3 41. Rxb3 Qc6+ 0-1

[Event "Ter Apel"]
[Site "Ter Apel"]
[Date "1990.??.??"]
[Round "4"]
[White "Van der Sterren, Paul"]
[Black "Uhlmann, Wolfgang"]
[Result "1-0"]
[WhiteElo "2515"]
[BlackElo "2505"]
[PlyCount "117"]
[EventDate "1990.02.??"]
[Source "ChessBase"]

1. d4 Nf6 2. c4 g6 3. Nc3 Bg7 4. e4 d6 5. f3 O-O 6. Be3 e5 7. d5 c5 8. g4 Ne8 9. h4 Bf6 10. Bf2 a6 11. Qd2 Nd7 12. O-O-O Rb8 13. Be3 Be7 14. Bh6 Ng7 15. Bd3 f6 16. Qc2 Rf7 17. Nge2 Nf8 18. Ng3 Bd7 19. Rdg1 Be8 20. Be3 Bd7 21. Qg2 Bc8 22. Nf5 gxf5 23. gxf5 Nd7 24. h5 Kh8 25. h6 Nxf5 26. exf5 b5 27. Qh2 bxc4 28. Qh5 Qe8 29. Rg7 Rf8 30. Qg4 Rg8 31. Rg1 Bb7 32. Be4 Nb6 33. Rg2 Na8 34. Qh3 Rf8 35. R2g3 Nc7 36. Qg2 Rf7 37. a4 Qf8 38. R3g4 Ba8 39. Qh1 Ne8 40. Rxf7 Qxf7 41. Bd2 Bf8 42. Be3 Nc7 43. f4 Re8 44. fxe5 Rxe5 45. Bf4 Rxe4 46. Qxe4 Bxd5 47. Nxd5 Qxd5 48. Qxd5 Nxd5 49. Bd2 Nb6 50. a5 Nd7 51. Rxc4 Ne5 52. Rc3 c4 53. Rg3 d5 54. b3 d4 55. bxc4 Nxc4 56. Rb3 Bd6 57. Rb7 d3 58. Ra7 Kg8 59. Rxa6 1-0

[Event "SUI-chT"]
[Site "SUI"]
[Date "1995.??.??"]
[Round "5"]
[White "Huebner, Robert"]
[Black "Forster, Richard"]
[Result "1-0"]
[WhiteElo "2630"]
[BlackElo "2370"]
[PlyCount "103"]
[EventDate "1995.??.??"]
[Source "ChessBase"]

1. d4 Nf6 2. c4 g6 3. Nc3 Bg7 4. e4 d6 5. f3 O-O 6. Be3 e5 7. d5 Nh5 8. Qd2 Qh4+ 9. Qf2 Qe7 10. Bd3 f5 11. O-O-O Nd7 12. Nge2 Nc5 13. Bc2 a5 14. Kb1 Bd7 15. Nc1 a4 16. a3 b6 17. Qd2 Nf4 18. exf5 gxf5 19. Bxf4 exf4 20. N1e2 b5 21. cxb5 Rab8 22. Nxf4 Bxb5 23. Rhe1 Qf7 24. Ne6 Nxe6 25. dxe6 Qf6 26. Ka1 Bc4 27. e7 Rfe8 28. Bxa4 Rxe7 29. Rxe7 Qxe7 30. Bc6 Kh8 31. Bd5 Bxd5 32. Qxd5 Qe3 33. Qd3 Qc5 34. Ka2 d5 35. Rd2 d4 36. Nd1 Qd5+ 37. b3 Re8 38. Re2 Rxe2+ 39. Qxe2 h6 40. Nb2 Qd6 41. g3 Qf6 42. Nd3 Qc6 43. Qd1 Qc3 44. Kb1 Bf8 45. a4 c5 46. Qc2 Qa5 47. Nb2 f4 48. gxf4 Bg7 49. Ka2 Qa6 50. Qe4 Qf1 51. f5 Bf6 52. Qe8+ 1-0

[Event "Balkaniad"]
[Site "Kavala"]
[Date "1990.??.??"]
[Round "3"]
[White "Gheorghiu, Florin"]
[Black "Spasov, Vasil"]
[Result "1/2-1/2"]
[WhiteElo "2500"]
[BlackElo "2495"]
[PlyCount "24"]
[EventDate "1990.10.??"]
[Source "ChessBase"]

1. d4 Nf6 2. c4 g6 3. Nc3 Bg7 4. e4 O-O 5. Be3 d6 6. f3 e5 7. d5 Nh5 8. Qd2 Qh4+ 9. Bf2 Qf4 10. Be3 Qh4+ 11. Bf2 Qf4 12. Be3 Qh4+ 1/2-1/2

[Event "Corr"]
[Site "?"]
[Date "1997.??.??"]
[Round "?"]
[White "Al Thani Mohammed Bin Khalid"]
[Black "Onoda Hirokaz"]
[Result "1/2-1/2"]
[WhiteElo "2630"]
[BlackElo "2365"]
[PlyCount "35"]
[EventDate "1997.??.??"]
[Source "www.chesslib.no"]
[SourceDate "2004.05.04"]

1. d4 Nf6 2. c4 g6 3. Nc3 Bg7 4. e4 d6 5. f3 O-O 6. Be3 e5 7. d5 Nh5 8. Qd2 f5 9. O-O-O f4 10. Bf2 Bf6 11. Nge2 Bh4 12. Bg1 b6 13. Kb1 a5 14. Nc1 Na6 15. Nd3 Bd7 16. Rc1 Qe7 17. Be2 Nc5 18. Nxc5 1/2-1/2

[Event "DSV-Turnier"]
[Site "Leipzig"]
[Date "1975.??.??"]
[Round "12"]
[White "Moehring, Guenther"]
[Black "Uhlmann, Wolfgang"]
[Result "1-0"]
[WhiteElo "2450"]
[BlackElo "2535"]
[PlyCount "81"]
[EventDate "1975.11.22"]
[Source "ChessBase"]

1. c4 g6 2. Nc3 Bg7 3. d4 Nf6 4. e4 d6 5. f3 O-O 6. Be3 e5 7. d5 Nh5 8. Qd2 f5 9. O-O-O Nd7 10. exf5 gxf5 11. Nh3 Ndf6 12. Bg5 Qe8 13. Bd3 Bd7 14. Rhg1 Kh8 15. Nf2 a6 16. g4 fxg4 17. fxg4 Nf4 18. Bxf4 exf4 19. Rde1 Qf7 20. g5 Ng8 21. Bxh7 Qh5 22. Bxg8 Rxg8 23. Nd3 Bf5 24. Nxf4 Qh4 25. Ne6 Be5 26. Ref1 Bxe6 27. dxe6 Rae8 28. Qe3 Rxe6 29. Rf3 Kg7 30. Rgf1 Re7 31. Rh3 Qxc4 32. Qf3 Rge8 33. Qf5 Bf4+ 34. Rxf4 Re1+ 35. Kd2 R1e2+ 36. Nxe2 Qxe2+ 37. Kc3 Re3+ 38. Rxe3 Qxe3+ 39. Kc2 Qe2+ 40. Kc3 Qe3+ 41. Kc4 1-0

[Event "HUN-ch"]
[Site "Budapest"]
[Date "1995.??.??"]
[Round "10"]
[White "Horvath, Gyula"]
[Black "Groszpeter, Attila"]
[Result "1/2-1/2"]
[WhiteElo "2455"]
[BlackElo "2520"]
[PlyCount "134"]
[EventDate "1995.01.??"]
[Source "ChessBase"]

1. c4 g6 2. e4 Bg7 3. d4 d6 4. Nc3 Nf6 5. f3 O-O 6. Be3 Nbd7 7. Nh3 e5 8. d5 Nh5 9. Qc2 Nc5 10. Nf2 f5 11. b4 Na6 12. a3 Nb8 13. c5 a5 14. Na4 axb4 15. axb4 Nf4 16. cxd6 cxd6 17. Rc1 Nd7 18. Nc3 Nf6 19. g3 N4h5 20. Nb5 Ne8 21. Nd3 Bd7 22. Nc3 Rc8 23. Be2 f4 24. Bf2 fxg3 25. hxg3 Qg5 26. g4 Nf4 27. Nxf4 Qxf4 28. Rg1 Bh6 29. Rd1 Nf6 30. Rg2 Nxd5 31. Rxd5 Rc7 32. Qd3 Qc1+ 33. Nd1 Be6 34. g5 Bxg5 35. Rxg5 Qxg5 36. Rxd6 Qe7 37. Bc5 Ra8 38. Rxe6 Qxe6 39. Qd5 Qxd5 40. exd5 Rd7 41. Bb5 Rf7 42. Be2 h5 43. Nf2 h4 44. d6 Kg7 45. Nh3 Rd8 46. Ng5 Rf6 47. Ne4 h3 48. Kf2 h2 49. Kg2 Rh8 50. Kh1 Rff8 51. Ng3 Ra8 52. Nf1 Ra1 53. Bb6 Kf6 54. d7 Ke7 55. d8=Q+ Rxd8 56. Bxd8+ Kxd8 57. Kxh2 Rb1 58. b5 Rb2 59. Ng3 Ke7 60. Kh3 Kd6 61. Kg4 Kd5 62. Bd3 Kd4 63. Bxg6 Rxb5 64. Be4 Rb2 65. Nf5+ Kc3 66. Ne3 Kd4 67. Nc2+ Kc3 1/2-1/2

[Event "Porto Carras op"]
[Site "Porto Carras"]
[Date "1998.04.11"]
[Round "?"]
[White "Nenashev, Alexander"]
[Black "Nikolaidis, Konstantinos"]
[Result "1-0"]
[WhiteElo "2625"]
[BlackElo "2350"]
[PlyCount "47"]
[EventDate "1998.??.??"]
[Source "www.chesslib.no"]
[SourceDate "2004.05.04"]

1. d4 Nf6 2. c4 g6 3. Nc3 Bg7 4. e4 d6 5. f3 O-O 6. Be3 Nbd7 7. Nh3 e5 8. d5 Nh5 9. Qc2 f5 10. O-O-O a5 11. exf5 gxf5 12. g4 fxg4 13. Ng5 Ndf6 14. fxg4 Bxg4 15. Be2 Bxe2 16. Qxe2 Qd7 17. Ne6 Rf7 18. Rhg1 Kh8 19. Ne4 Nxe4 20. Qxh5 Nf6 21. Qh4 Rg8 22. Rdf1 Qe7 23. Bg5 c6 24. Nxg7 1-0

[Event "Olot"]
[Site "Olot"]
[Date "1974.03.19"]
[Round "3"]
[White "Ghitescu, Theodor"]
[Black "Lombardy, William J"]
[Result "1-0"]
[WhiteElo "2455"]
[BlackElo "2520"]
[PlyCount "61"]
[EventDate "1974.03.??"]
[Source "www.chesslib.no"]
[SourceDate "2004.05.04"]

1. c4 g6 2. e4 Bg7 3. d4 d6 4. Nc3 Nf6 5. f3 O-O 6. Be3 e5 7. d5 c5 8. g4 h5 9. h3 a6 10. a4 Nh7 11. h4 hxg4 12. fxg4 f5 13. g5 fxe4 14. Bg2 Rf7 15. Bxe4 Nf8 16. h5 Qb6 17. h6 Bh8 18. h7+ Kg7 19. Qe2 Rf5 20. Nf3 Qd8 21. Qh2 Kf7 22. Kd2 b5 23. Bxf5 Bxf5 24. Nh4 b4 25. Ne2 Nc6 26. Raf1 Ne7 27. Ng3 b3 28. Nhxf5 Nxf5 29. Nxf5 Qa5+ 30. Ke2 gxf5 31. Qh5+ 1-0

[Event "Buenos Aires ol (Men)"]
[Site "Buenos Aires ARG"]
[Date "1978.??.??"]
[Round "5"]
[White "Giffard, Nicolas"]
[Black "Ljubojevic, Ljubomir"]
[Result "1/2-1/2"]
[WhiteElo "2365"]
[BlackElo "2605"]
[PlyCount "46"]
[EventDate "1978.10.25"]
[Source "www.chesslib.no"]
[SourceDate "2004.05.04"]

1. d4 Nf6 2. c4 c5 3. d5 g6 4. Nc3 d6 5. e4 Bg7 6. Bd3 O-O 7. Nge2 e5 8. f3 Nh5 9. Be3 f5 10. exf5 gxf5 11. O-O Kh8 12. Qc2 Na6 13. a3 Qh4 14. Qd2 Bf6 15. Bf2 Qg5 16. Qxg5 Bxg5 17. g3 Bd7 18. Bc2 Nf6 19. Rfd1 Bh6 20. Nb5 Be8 21. Rab1 Bxb5 22. cxb5 Nb8 23. b4 Nbd7 1/2-1/2

[Event "Las Palmas Open"]
[Site "Las Palmas ESP"]
[Date "1993.??.??"]
[Round "?"]
[White "Matamoros Franco, Carlos S"]
[Black "Van Wely, Loek"]
[Result "0-1"]
[WhiteElo "2410"]
[BlackElo "2560"]
[PlyCount "64"]
[EventDate "1993.09.??"]
[Source "www.chesslib.no"]
[SourceDate "2004.05.04"]

1. d4 Nf6 2. c4 g6 3. Nc3 Bg7 4. e4 d6 5. f3 O-O 6. Be3 e5 7. d5 Nh5 8. Nge2 f5 9. Qd2 Qh4+ 10. Bf2 Qe7 11. O-O-O Nd7 12. Be3 a5 13. Kb1 Nc5 14. Nc1 fxe4 15. Bxc5 dxc5 16. Nxe4 Bf5 17. Bd3 a4 18. Rhe1 a3 19. b3 Kh8 20. Bc2 Rad8 21. Ne2 Bxe4 22. Bxe4 Qh4 23. g3 Qh3 24. Nc3 Nf6 25. Bc2 Qh5 26. Ne4 Qxf3 27. Nxc5 e4 28. Ne6 Nxd5 29. cxd5 Rxd5 30. Bxe4 Rxd2 31. Bxf3 Rb2+ 32. Ka1 Bf6 0-1